[Event "Clichy Rapid op"]
[Site "Clichy"]
[Date "2023.07.09"]
[Round "8"]
[White "Chabanon, Jean Luc"]
[Black "Macon, Arthur"]
[Result "1-0"]
[WhiteElo "2421"]
[BlackElo "2348"]
[PlyCount "63"]
[EventDate "2023.07.09"]
[EventType "swiss (rapid)"]
[EventRounds "9"]
[EventCountry "FRA"]
[SourceTitle "CBM 215 Extra"]
[Source "ChessBase"]
[SourceDate "2023.09.30"]
[SourceVersion "1"]
[SourceVersionDate "2023.09.30"]
[SourceQuality "1"]

1. d4 Nf6 2. c4 e6 3. Nc3 Bb4 4. e3 0-0 5. Bd3 d5 6. a3 Bxc3+ 7. bxc3 dxc4 8. Bxc4 c5 9. Nf3 Qc7 10. Be2 Nc6 11. 0-0 Rd8 12. Bb2 b6 13. Rc1 Bb7 14. Bd3 e5 15. e4 Qe7 16. d5 Na5 17. c4 Nd7 18. Bc3 Qd6 19. Nh4 g6 20. g3 Bc8 21. f4 Nb7 22. Qf3 Rf8 23. Bc2 Qe7 24. Qe2 Nd6 25. Nf3 f6 26. fxe5 fxe5 27. Ba4 Ba6 28. Bxd7 Qxd7 29. Nxe5 Qe7 30. Ng4 Rxf1+ 31. Rxf1 Bxc4 32. Nh6# 1-0

[Event "Clichy Rapid op"]
[Site "Clichy"]
[Date "2023.07.09"]
[Round "4"]
[White "Senthil, Maran K"]
[Black "Chabanon, Jean Luc"]
[Result "1/2-1/2"]
[WhiteElo "2287"]
[BlackElo "2421"]
[PlyCount "152"]
[EventDate "2023.07.09"]
[EventType "swiss (rapid)"]
[EventRounds "9"]
[EventCountry "FRA"]
[SourceTitle "CBM 215 Extra"]
[Source "ChessBase"]
[SourceDate "2023.09.30"]
[SourceVersion "1"]
[SourceVersionDate "2023.09.30"]
[SourceQuality "1"]

1. d4 Nf6 2. c4 e6 3. g3 d5 4. Bg2 Be7 5. Nf3 0-0 6. Qc2 dxc4 7. Qxc4 a6 8. Qc2 Nc6 9. 0-0 Nb4 10. Qb3 Qd5 11. Nbd2 c5 12. dxc5 Qxc5 13. a3 Nc6 14. Nc4 Na5 15. Nxa5 Qxa5 16. Bd2 Qd5 17. Qxd5 Nxd5 18. e4 Nb6 19. Rac1 Na4 20. Rc2 Nc5 21. Bb4 b6 22. Ne5 a5 23. Nc6 Bd8 24. Bxc5 bxc5 25. e5 Ra6 26. Nxd8 Rxd8 27. Rxc5 Rb6 28. Rxa5 Rxb2 29. Ra8 Rf8 30. Ra7 Re2 31. f4 Rd2 32. Bf3 Rfd8 33. Rf2 R2d3 34. Ra8 Rf8 35. Ra7 Bd7 36. Kg2 g6 37. h4 h5 38. a4 Rb8 39. Be4 Rd4 40. a5 Bb5 41. Bf3 Ra4 42. Kh2 Ra3 43. Bg2 Bc4 44. Rc7 Bb3 45. Rc5 Bd1 46. Rd2 Bg4 47. Rdc2 Kg7 48. R5c3 Rxa5 49. Re3 Bf5 50. Rd2 Rb1 51. Rc3 Rab5 52. Rc7 R5b2 53. Rcd7 Rxd2 54. Rxd2 Rb8 55. Kg1 Kf8 56. Kf2 Ke7 57. Ke3 Rb3+ 58. Kf2 Rb8 59. Ra2 Rd8 60. Bc6 Rb8 61. Ra7+ Kf8 62. Ra3 Rb2+ 63. Ke3 Rb8 64. Kd4 Rd8+ 65. Kc5 Rd3 66. Ra8+ Kg7 67. Ra7 Kf8 68. Ra8+ Kg7 69. Be8 Rxg3 70. Ra7 Rg4 71. Rxf7+ Kh6 72. Rf6 Rxh4 73. Bf7 Rxf4 74. Bxe6 Kg7 75. Rf7+ Kh6 76. Rf6 Kg5 1/2-1/2

[Event "FRA-ch Blitz"]
[Site "Asnieres sur Seine"]
[Date "2023.06.24"]
[Round "10"]
[White "Lagarde, Maxime"]
[Black "Chabanon, Jean Luc"]
[Result "1-0"]
[WhiteElo "2597"]
[BlackElo "2435"]
[PlyCount "119"]
[EventDate "2023.06.24"]
[EventType "swiss (blitz)"]
[EventRounds "13"]
[EventCountry "FRA"]
[SourceTitle "CBM 214 Extra"]
[Source "ChessBase"]
[SourceDate "2023.07.31"]
[SourceVersion "1"]
[SourceVersionDate "2023.07.31"]
[SourceQuality "1"]

1. e4 e5 2. Nf3 Nc6 3. Bb5 a6 4. Ba4 Nf6 5. 0-0 Be7 6. d3 d6 7. c3 0-0 8. Re1 b5 9. Bb3 Na5 10. Bc2 c5 11. Nbd2 Qc7 12. Nf1 h6 13. Bd2 Nc6 14. Ng3 Be6 15. h3 Rad8 16. Nh4 Kh7 17. Nhf5 Ng8 18. Rc1 g6 19. d4 Bc8 20. d5 Nb8 21. Nxe7 Qxe7 22. f4 exf4 23. Bxf4 Nd7 24. Qd2 Ne5 25. b3 Rde8 26. Rf1 Qh4 27. Rf2 g5 28. Bxe5 Rxe5 29. Nf1 g4 30. g3 Qg5 31. Qxg5 hxg5 32. hxg4 Bxg4 33. Ne3 Bd7 34. Kg2 Kg7 35. Rcf1 f6 36. a4 Ra8 37. Ra1 Ree8 38. Bd3 Ne7 39. axb5 axb5 40. Rfa2 Rxa2+ 41. Rxa2 Ng6 42. Ra7 Nf8 43. Nf5+ Kg8 44. Nxd6 Rb8 45. Rb7 Rxb7 46. Nxb7 c4 47. bxc4 bxc4 48. Bxc4 Ng6 49. Nc5 Ne5 50. Nxd7 Nxd7 51. d6+ Kf8 52. Be6 Nc5 53. Bf5 Nb7 54. d7 Ke7 55. Kf3 Nc5 56. Ke3 Na4 57. Kd4 Nb6 58. c4 Na8 59. c5 Nc7 60. c6 1-0

[Event "FRA-chT Top 16 Gp Basse"]
[Site "Chartres"]
[Date "2023.06.11"]
[Round "4.1"]
[White "Chabanon, Jean Luc"]
[Black "Abergel, Thal"]
[Result "0-1"]
[WhiteElo "2435"]
[BlackElo "2373"]
[PlyCount "118"]
[EventDate "2023.06.08"]
[EventType "team-tourn"]
[EventRounds "4"]
[EventCountry "FRA"]
[SourceTitle "CBM 214 Extra"]
[Source "ChessBase"]
[SourceDate "2023.07.31"]
[SourceVersion "1"]
[SourceVersionDate "2023.07.31"]
[SourceQuality "1"]
[WhiteTeam "St Quentin"]
[BlackTeam "Tremblay en France"]
[WhiteTeamCountry "FRA"]
[BlackTeamCountry "FRA"]

1. d4 d6 2. e4 Nf6 3. Nc3 Nc6 4. Nf3 g6 5. h3 a6 6. Be3 b5 7. Bd3 e5 8. a4 b4 9. Nd5 Nxd5 10. exd5 Ne7 11. dxe5 dxe5 12. Qd2 Qxd5 13. Rd1 Bb7 14. Bc4 Qxd2+ 15. Rxd2 f6 16. Ke2 Nf5 17. Rhd1 Bd6 18. Bd5 Bxd5 19. Rxd5 Ne7 20. R5d2 0-0-0 21. Ne1 Nf5 22. g4 Nxe3 23. Kxe3 h5 24. Nd3 hxg4 25. hxg4 f5 26. gxf5 gxf5 27. Nc1 Rh4 28. Nb3 Re4+ 29. Kf3 Rf4+ 30. Ke2 Rh8 31. Rd3 Rh2 32. Rf3 Rxf3 33. Kxf3 e4+ 34. Ke2 Bg3 35. Rf1 Be5 36. Rg1 Bxb2 37. Rg5 f4 38. Rg8+ Kb7 39. Nc5+ Kb6 40. Nxe4 Bd4 41. Rf8 Ka5 42. Rxf4 Bb6 43. Kd3 Kxa4 44. Nc3+ Ka5 45. Rf5+ c5 46. Nd5 Kb5 47. c4+ Ka5 48. Rf6 Bd8 49. Rd6 Rh3+ 50. Kc2 Bg5 51. Rc6 b3+ 52. Kb2 Bh6 53. f3 Bd2 54. Rxc5+ Ka4 55. Rc6 Ba5 56. Rxa6 Rh2+ 57. Kb1 b2 58. Ka2 b1Q+ 59. Kxb1 Kb3 0-1

[Event "FRA-chT Top 16 GpB"]
[Site "Chartres"]
[Date "2023.06.07"]
[Round "7.4"]
[White "Chabanon, Jean Luc"]
[Black "Girel, Joseph"]
[Result "0-1"]
[WhiteElo "2433"]
[BlackElo "2397"]
[PlyCount "74"]
[EventDate "2023.06.01"]
[EventType "team-tourn"]
[EventRounds "7"]
[EventCountry "FRA"]
[SourceTitle "CBM 214 Extra"]
[Source "ChessBase"]
[SourceDate "2023.07.31"]
[SourceVersion "1"]
[SourceVersionDate "2023.07.31"]
[SourceQuality "1"]
[WhiteTeam "St Quentin"]
[BlackTeam "Marseille"]
[WhiteTeamCountry "FRA"]
[BlackTeamCountry "FRA"]

1. d4 Nf6 2. c4 e6 3. Nc3 Bb4 4. e3 0-0 5. Bd2 d5 6. Nf3 b6 7. cxd5 exd5 8. Bd3 Bb7 9. Ne5 Bd6 10. f4 c5 11. 0-0 Nc6 12. Ng4 Nb4 13. Bb1 cxd4 14. Nxf6+ Qxf6 15. a3 Na6 16. Nxd5 Bxd5 17. Qh5 Rfd8 18. Bxh7+ Kf8 19. e4 Bc4 20. e5 Qh6 21. Qxh6 gxh6 22. Rfc1 Bb3 23. exd6 Rxd6 24. Bd3 Nc5 25. Bb4 Rc8 26. Ba6 Rc7 27. Bc4 Bxc4 28. Rxc4 a5 29. Be1 Nb3 30. Rxc7 Nxa1 31. Rc8+ Ke7 32. Kf2 d3 33. Bd2 Nb3 34. Ke1 Re6+ 35. Kd1 Re2 36. Be1 Rxb2 37. Bh4+ f6 0-1

[Event "FRA-chT Top 16 GpB"]
[Site "Chartres"]
[Date "2023.06.03"]
[Round "3.3"]
[White "Milliet, Sophie"]
[Black "Chabanon, Jean Luc"]
[Result "1/2-1/2"]
[WhiteElo "2385"]
[BlackElo "2433"]
[PlyCount "77"]
[EventDate "2023.06.01"]
[EventType "team-tourn"]
[EventRounds "7"]
[EventCountry "FRA"]
[SourceTitle "CBM 214 Extra"]
[Source "ChessBase"]
[SourceDate "2023.07.31"]
[SourceVersion "1"]
[SourceVersionDate "2023.07.31"]
[SourceQuality "1"]
[WhiteTeam "Grasse Echecs"]
[BlackTeam "St Quentin"]
[WhiteTeamCountry "FRA"]
[BlackTeamCountry "FRA"]

1. e4 e5 2. Nf3 Nc6 3. Bb5 a6 4. Ba4 Nf6 5. 0-0 Be7 6. d3 d6 7. c3 0-0 8. Re1 b5 9. Bc2 Nd7 10. Be3 Nb6 11. Nbd2 Rb8 12. h3 Kh8 13. d4 Bf6 14. Rc1 Ne7 15. b4 Ng6 16. Bb3 Be6 17. Qc2 Qe8 18. d5 Bc8 19. c4 bxc4 20. Nxc4 Nxc4 21. Qxc4 Bd8 22. Bc2 f5 23. exf5 Bxf5 24. Ng5 Bxg5 25. Bxg5 Bxc2 26. Rxc2 Rf7 27. Qxa6 Rxb4 28. Rec1 Qb8 29. Kh2 h6 30. Be3 Kh7 31. Rc4 Qb5 32. Qxb5 Rxb5 33. Rd1 Ra5 34. a4 Rd7 35. Rdc1 Ne7 36. Rxc7 Rxc7 37. Rxc7 Nxd5 38. Rd7 Nxe3 39. fxe3 1/2-1/2

[Event "FRA-chT Top 16 GpB"]
[Site "Chartres"]
[Date "2023.06.02"]
[Round "2.3"]
[White "Sokolov, Andrei"]
[Black "Chabanon, Jean Luc"]
[Result "1/2-1/2"]
[WhiteElo "2465"]
[BlackElo "2433"]
[PlyCount "32"]
[EventDate "2023.06.01"]
[EventType "team-tourn"]
[EventRounds "7"]
[EventCountry "FRA"]
[SourceTitle "CBM 214 Extra"]
[Source "ChessBase"]
[SourceDate "2023.07.31"]
[SourceVersion "1"]
[SourceVersionDate "2023.07.31"]
[SourceQuality "1"]
[WhiteTeam "Mulhouse Philidor"]
[BlackTeam "St Quentin"]
[WhiteTeamCountry "FRA"]
[BlackTeamCountry "FRA"]

1. e4 e5 2. Nf3 Nc6 3. Bb5 a6 4. Ba4 Nf6 5. d3 d6 6. c3 Be7 7. Nbd2 0-0 8. Nf1 b5 9. Bc2 d5 10. Qe2 d4 11. Ng3 dxc3 12. bxc3 b4 13. Ba4 Qd6 14. 0-0 bxc3 15. Bxc6 Qxc6 16. Qc2 Bd6 1/2-1/2

[Event "Paris Rapid op"]
[Site "Paris"]
[Date "2023.03.04"]
[Round "3"]
[White "Bellahcene, Bilel"]
[Black "Chabanon, Jean Luc"]
[Result "1/2-1/2"]
[WhiteElo "2481"]
[BlackElo "2435"]
[PlyCount "86"]
[EventDate "2023.03.04"]
[EventType "swiss (rapid)"]
[EventRounds "9"]
[EventCountry "FRA"]
[SourceTitle "CBM 213 Extra"]
[Source "ChessBase"]
[SourceDate "2023.05.31"]
[SourceVersion "1"]
[SourceVersionDate "2023.05.31"]
[SourceQuality "1"]

1. e4 e5 2. Nf3 Nc6 3. Bb5 a6 4. Ba4 Nf6 5. 0-0 Be7 6. d3 b5 7. Bb3 0-0 8. Nc3 d6 9. a3 Bd7 10. h3 Na5 11. Ba2 c5 12. b4 Nb7 13. Nd5 Be6 14. Nxf6+ Bxf6 15. Bxe6 fxe6 16. Be3 Rc8 17. c3 d5 18. Qe2 c4 19. dxc4 Rxc4 20. exd5 exd5 21. Rad1 Rxc3 22. Qa2 Rc4 23. Nd2 d4 24. Nxc4 Qd5 25. Rc1 Nd6 26. Rfd1 bxc4 27. Bd2 Rc8 28. a4 Kf7 29. b5 axb5 30. Bb4 Nf5 31. axb5 Qxb5 32. Be1 Kg6 33. Qc2 d3 34. Rxd3 cxd3 35. Qxc8 h5 36. Bd2 Nd4 37. Rc5 Qa4 38. Kh2 Qd1 39. Be3 Nf5 40. Qe8+ Kh7 41. g4 hxg4 42. Qh5+ Nh6 43. hxg4 Qxg4 1/2-1/2

[Event "FRA-chT Top 16 GpB"]
[Site "Chartres"]
[Date "2022.06.15"]
[Round "7.7"]
[White "Buscara, Sevan"]
[Black "Chabanon, Jean Luc"]
[Result "0-1"]
[WhiteElo "2386"]
[BlackElo "2429"]
[PlyCount "68"]
[EventDate "2022.06.09"]
[EventType "team-tourn"]
[EventRounds "7"]
[EventCountry "FRA"]
[SourceTitle "CBM 208 Extra"]
[Source "ChessBase"]
[SourceDate "2022.07.31"]
[SourceVersion "1"]
[SourceVersionDate "2022.07.31"]
[SourceQuality "1"]
[WhiteTeam "Lyon"]
[BlackTeam "St Quentin"]
[WhiteTeamCountry "FRA"]
[BlackTeamCountry "FRA"]

1. Nf3 Nf6 2. c4 e6 3. g3 d5 4. Bg2 Be7 5. 0-0 0-0 6. b3 c5 7. cxd5 Nxd5 8. d4 Nc6 9. Bb2 cxd4 10. Nxd4 Nxd4 11. Qxd4 Bf6 12. Qd2 Bxb2 13. Qxb2 Bd7 14. Rd1 Bc6 15. Bxd5 exd5 16. Qd4 Qe7 17. Nc3 a5 18. Rd3 b5 19. Rad1 b4 20. Re3 Qc7 21. Nb1 Bb7 22. Nd2 Qc2 23. Nf3 Qxa2 24. Ne1 a4 25. Ra1 axb3 26. Rxa2 bxa2 27. Nc2 Rfc8 28. Na1 Rc1+ 29. Kg2 Rxa1 30. Re7 Rg1+ 31. Kxg1 a1Q+ 32. Qxa1 Rxa1+ 33. Kg2 Bc6 34. Rc7 Be8 0-1

[Event "FRA-chT Top 16 GpB"]
[Site "Chartres"]
[Date "2022.06.11"]
[Round "3.2"]
[White "Chabanon, Jean Luc"]
[Black "Philippe, Christophe"]
[Result "1/2-1/2"]
[WhiteElo "2429"]
[BlackElo "2383"]
[PlyCount "177"]
[EventDate "2022.06.09"]
[EventType "team-tourn"]
[EventRounds "7"]
[EventCountry "FRA"]
[SourceTitle "CBM 208 Extra"]
[Source "ChessBase"]
[SourceDate "2022.07.31"]
[SourceVersion "1"]
[SourceVersionDate "2022.07.31"]
[SourceQuality "1"]
[WhiteTeam "St Quentin"]
[BlackTeam "Vandoeuvre"]
[WhiteTeamCountry "FRA"]
[BlackTeamCountry "FRA"]

1. d4 f5 2. Nf3 Nf6 3. g3 g6 4. Bg2 Bg7 5. 0-0 0-0 6. c4 d6 7. Nc3 Qe8 8. d5 Na6 9. Nd4 Bd7 10. Rb1 c5 11. Ne6 Bxe6 12. dxe6 Rb8 13. Nb5 Qc8 14. Bg5 Nc7 15. Bxf6 Bxf6 16. Nxc7 Qxc7 17. a4 Kg7 18. Bd5 Qa5 19. Qb3 a6 20. Qa3 Qd2 21. e3 a5 22. Qb3 h5 23. h4 Qb4 24. Qc2 Ra8 25. Rfd1 Ra6 26. Rd3 Rb6 27. Kg2 Be5 28. Bf3 Rf6 29. Bd5 Rf8 30. Kh3 Bf6 31. b3 Ra6 32. f4 Raa8 33. Qg2 Rab8 34. e4 Bd4 35. Qe2 Rh8 36. Rf1 Rbf8 37. Rfd1 Qb6 38. Qg2 Rf6 39. Qe2 Qc7 40. Rxd4 cxd4 41. Rxd4 fxe4 42. Rxe4 Qc5 43. Qe3 b6 44. Qe2 Rhf8 45. Re3 Qd4 46. Rd3 Qc5 47. Qd2 Kh7 48. Re3 Kg7 49. Re1 Kh7 50. Rb1 Rf5 51. Rb2 Qg1 52. Qf2 Qc1 53. Rc2 Qb1 54. Rb2 Qc1 55. Qd2 Qg1 56. Qg2 Qe3 57. Qf3 Qc1 58. Rf2 Kg7 59. Qd3 Qa1 60. Rf1 Qb2 61. Rf3 Kh6 62. Be4 R5f6 63. Qe3 Kg7 64. Bd5 Qb1 65. Kg2 Rb8 66. Qc3 Kh7 67. Rf1 Qa2+ 68. Rf2 Qa3 69. Qd3 Rbf8 70. Re2 Qc5 71. Bf3 Kg7 72. Re4 Kh7 73. Qe3 Rf5 74. Kf2 Kg7 75. Rd4 R8f6 76. Bd5 Re5 77. Qd3 Rexe6 78. Bxe6 Rxe6 79. Kf1 Qb4 80. Re4 Rxe4 81. Qxe4 Qxb3 82. Qxe7+ Kh6 83. Qf8+ Kh7 84. Qf7+ Kh6 85. Qf8+ Kh7 86. Qe7+ Kh6 87. Qg5+ Kh7 88. Qe7+ Kh6 89. Qf8+ 1/2-1/2

[Event "FRA-ch Blitz"]
[Site "Port Marly"]
[Date "2022.05.28"]
[Round "7"]
[White "Chabanon, Jean Luc"]
[Black "Saglier, Paul"]
[Result "1/2-1/2"]
[WhiteElo "2432"]
[BlackElo "2175"]
[PlyCount "51"]
[EventDate "2022.05.28"]
[EventType "swiss (blitz)"]
[EventRounds "13"]
[EventCountry "FRA"]
[SourceTitle "CBM 208 Extra"]
[Source "ChessBase"]
[SourceDate "2022.07.31"]
[SourceVersion "1"]
[SourceVersionDate "2022.07.31"]
[SourceQuality "1"]

1. Nf3 Nf6 2. g3 e6 3. Bg2 d5 4. 0-0 Be7 5. c4 0-0 6. d4 b6 7. Nc3 Bb7 8. cxd5 Nxd5 9. Re1 Nxc3 10. bxc3 Be4 11. Ne5 Bxg2 12. Kxg2 Bd6 13. Nc4 b5 14. Nxd6 cxd6 15. a4 bxa4 16. Qxa4 Nd7 17. Ba3 Qc7 18. Bb4 Nb6 19. Qb5 a6 20. Qa5 Qc6+ 21. e4 Rfc8 22. Qa2 a5 23. Ba3 Qxc3 24. Bxd6 Qxd4 25. Rad1 Qc4 26. Qa1 1/2-1/2

[Event "FRA-ch Blitz"]
[Site "Port Marly"]
[Date "2022.05.28"]
[Round "12"]
[White "Materia, Marco"]
[Black "Chabanon, Jean Luc"]
[Result "1-0"]
[WhiteElo "2398"]
[BlackElo "2432"]
[PlyCount "96"]
[EventDate "2022.05.28"]
[EventType "swiss (blitz)"]
[EventRounds "13"]
[EventCountry "FRA"]
[SourceTitle "CBM 208 Extra"]
[Source "ChessBase"]
[SourceDate "2022.07.31"]
[SourceVersion "1"]
[SourceVersionDate "2022.07.31"]
[SourceQuality "1"]

1. d4 Nf6 2. c4 g6 3. Nc3 Bg7 4. Nf3 0-0 5. Bg5 d6 6. e3 h6 7. Bh4 Nbd7 8. Be2 e5 9. Qc2 exd4 10. Nxd4 Nc5 11. 0-0 Ne6 12. Nxe6 Bxe6 13. Rfd1 g5 14. Bg3 Nd7 15. Rac1 a6 16. b3 Qf6 17. Bf3 Rab8 18. Nd5 Bxd5 19. cxd5 Ne5 20. Bxe5 Qxe5 21. Qxc7 Rfe8 22. h3 Bf6 23. Bh5 Qe7 24. Qb6 Rec8 25. Bg4 Rxc1 26. Rxc1 Qd8 27. Qxd8+ Bxd8 28. Rc8 Rxc8 29. Bxc8 b5 30. Bxa6 b4 31. Kf1 Bb6 32. Ke2 Kg7 33. Bc8 Kf6 34. Kd3 Ke5 35. Kc4 Bc5 36. Bg4 f5 37. Be2 f4 38. exf4+ Kxf4 39. Bf3 Ke5 40. g3 Kf5 41. Bg2 Ke5 42. f3 Kf5 43. Kb5 Ke5 44. Kc4 Kf5 45. Bf1 Ke5 46. Bd3 h5 47. h4 g4 48. f4+ Kf6 1-0

[Event "Francophonie-ch blitz 7th"]
[Site "Paris"]
[Date "2019.08.10"]
[Round "9"]
[White "Chabanon, Jean Luc"]
[Black "Berend, Elvira S"]
[Result "1/2-1/2"]
[WhiteElo "2447"]
[BlackElo "2344"]
[PlyCount "98"]
[EventDate "2019.08.10"]
[EventType "swiss (blitz)"]
[EventRounds "11"]
[EventCountry "FRA"]
[SourceTitle "CBM 191 Extra"]
[Source "ChessBase"]
[SourceDate "2019.09.30"]
[SourceVersion "1"]
[SourceVersionDate "2019.09.30"]
[SourceQuality "1"]

1. d4 Nf6 2. Nf3 g6 3. c4 Bg7 4. g3 c6 5. Bg2 d5 6. Qb3 0-0 7. 0-0 dxc4 8. Qxc4 Be6 9. Qa4 Nbd7 10. Rd1 Nb6 11. Qc2 Bf5 12. Qb3 Be6 13. Qc2 Bf5 14. Qd2 Qc8 15. Nc3 Rd8 16. Qe1 Ne4 17. Nh4 Nd6 18. Nxf5 Nxf5 19. e3 e5 20. d5 cxd5 21. Nxd5 Nxd5 22. Bxd5 Ne7 23. Bb3 e4 24. Bd2 Nc6 25. Bc3 Qf5 26. Bxg7 Kxg7 27. Qc3+ Kg8 28. Rxd8+ Rxd8 29. Rd1 Rxd1+ 30. Bxd1 h5 31. h4 Ne5 32. Be2 a6 33. Qc7 b5 34. Qd6 Nd3 35. Bxd3 exd3 36. Qd4 Qe6 37. b3 Qf5 38. e4 Qf3 39. Kh2 Qe2 40. Qd8+ Kg7 41. Qd4+ Kh7 42. Qf6 Kg8 43. Qd8+ Kg7 44. Qd4+ f6 45. Qd7+ Kh6 46. Qd4 d2 47. Qxf6 Kh7 48. Qf7+ Kh8 49. Qf8+ Kh7 1/2-1/2

[Event "Francophonie-ch blitz 7th"]
[Site "Paris"]
[Date "2019.08.10"]
[Round "2"]
[White "Denous, Cyprien"]
[Black "Chabanon, Jean Luc"]
[Result "0-1"]
[WhiteElo "2008"]
[BlackElo "2447"]
[PlyCount "52"]
[EventDate "2019.08.10"]
[EventType "swiss (blitz)"]
[EventRounds "11"]
[EventCountry "FRA"]
[SourceTitle "CBM 191 Extra"]
[Source "ChessBase"]
[SourceDate "2019.09.30"]
[SourceVersion "1"]
[SourceVersionDate "2019.09.30"]
[SourceQuality "1"]

1. Nf3 Nf6 2. g3 d5 3. Bg2 c6 4. d3 Bg4 5. Nbd2 Nbd7 6. 0-0 e5 7. e4 dxe4 8. Nxe4 Be7 9. h3 Bh5 10. Qe2 0-0 11. Bd2 Nd5 12. c4 Nc7 13. Bc3 Ne6 14. g4 Nf4 15. Qe3 Nxg2 16. Kxg2 Bg6 17. Nxe5 Nxe5 18. Bxe5 f5 19. gxf5 Bxf5 20. Rad1 Qd7 21. Qg3 Rf7 22. f4 Re8 23. Ng5 Bxg5 24. Qxg5 Bxh3+ 25. Kh2 Bxf1 26. Rxf1 Re6 0-1

[Event "Francophonie-ch blitz 7th"]
[Site "Paris"]
[Date "2019.08.10"]
[Round "10"]
[White "Ternault, Mathieu"]
[Black "Chabanon, Jean Luc"]
[Result "1-0"]
[WhiteElo "2323"]
[BlackElo "2447"]
[PlyCount "123"]
[EventDate "2019.08.10"]
[EventType "swiss (blitz)"]
[EventRounds "11"]
[EventCountry "FRA"]
[SourceTitle "CBM 191 Extra"]
[Source "ChessBase"]
[SourceDate "2019.09.30"]
[SourceVersion "1"]
[SourceVersionDate "2019.09.30"]
[SourceQuality "1"]

1. b3 d5 2. Nf3 c5 3. Bb2 f6 4. Nc3 e5 5. e4 dxe4 6. Nxe4 Be6 7. Bb5+ Nd7 8. Qe2 a6 9. Bc4 Bxc4 10. Qxc4 Qe7 11. 0-0 Qf7 12. Qe2 Qd5 13. c4 Qc6 14. d4 cxd4 15. Bxd4 Ne7 16. Bb2 Nf5 17. Rfd1 Be7 18. Nc3 0-0-0 19. Nd5 Bd6 20. b4 Kb8 21. a4 Rc8 22. Rdc1 Rhe8 23. b5 Qc5 24. Qe4 Nd4 25. Ba3 Qxa3 26. Rxa3 Bxa3 27. Rb1 a5 28. Nxd4 exd4 29. Qxd4 Bc5 30. Qd2 b6 31. h3 Ne5 32. Qf4 Kb7 33. Rd1 Re6 34. Qe4 Ka7 35. Qxh7 Bf8 36. Nf4 Re7 37. Ng6 Nxg6 38. Qxg6 Rec7 39. Rd4 Bc5 40. Re4 Rd8 41. g3 Rd1+ 42. Kg2 Rd2 43. Rf4 Re7 44. h4 Be3 45. Rf3 Bc5 46. h5 Rd4 47. Qc2 Re6 48. Rd3 Rde4 49. Rd7+ Kb8 50. Qd2 Re7 51. Rxe7 Rxe7 52. Qd8+ Kb7 53. Qd5+ Kc7 54. g4 Rd7 55. Qc6+ Kd8 56. h6 gxh6 57. Qxf6+ Ke8 58. Qxh6 Rd4 59. Qe6+ Kf8 60. g5 Kg7 61. Qf6+ Kg8 62. g6 1-0

[Event "Saint Quentin op 1st"]
[Site "Saint Quentin"]
[Date "2019.07.11"]
[Round "8"]
[White "Chabanon, Jean Luc"]
[Black "Velten, Paul"]
[Result "1/2-1/2"]
[WhiteElo "2446"]
[BlackElo "2513"]
[PlyCount "50"]
[EventDate "2019.07.06"]
[EventType "swiss"]
[EventRounds "9"]
[EventCountry "FRA"]
[SourceTitle "CBM 191 Extra"]
[Source "ChessBase"]
[SourceDate "2019.09.30"]
[SourceVersion "1"]
[SourceVersionDate "2019.09.30"]
[SourceQuality "1"]

1. d4 Nf6 2. Nf3 d5 3. c4 c6 4. e3 Bf5 5. Nc3 e6 6. Bd3 Bxd3 7. Qxd3 Be7 8. 0-0 Nbd7 9. b3 0-0 10. Bb2 Rc8 11. e4 dxe4 12. Nxe4 Nxe4 13. Qxe4 Nf6 14. Qc2 Qc7 15. a4 Rfd8 16. Rad1 b6 17. Rd3 a6 18. Ne5 Nd7 19. Rfd1 Nxe5 20. dxe5 Rxd3 21. Rxd3 Rd8 22. Qd1 Kf8 23. Rxd8+ Qxd8 24. Qxd8+ Bxd8 25. Kf1 Be7 1/2-1/2

[Event "Saint Quentin op 1st"]
[Site "Saint Quentin"]
[Date "2019.07.08"]
[Round "3"]
[White "Lenaerts, Robbe"]
[Black "Chabanon, Jean Luc"]
[Result "0-1"]
[WhiteElo "1610"]
[BlackElo "2446"]
[PlyCount "91"]
[EventDate "2019.07.06"]
[EventType "swiss"]
[EventRounds "9"]
[EventCountry "FRA"]
[SourceTitle "CBM 191 Extra"]
[Source "ChessBase"]
[SourceDate "2019.09.30"]
[SourceVersion "1"]
[SourceVersionDate "2019.09.30"]
[SourceQuality "1"]

1. d4 Nf6 2. Nf3 g6 3. e3 Bg7 4. b3 c5 5. Bb2 cxd4 6. exd4 d5 7. Bd3 0-0 8. 0-0 Nc6 9. a3 Ne4 10. Nbd2 Nd6 11. Ne5 Qb6 12. Ndf3 Nd8 13. Re1 Qc7 14. Bf1 Bf5 15. Bd3 Rc8 16. Bxf5 Nxf5 17. c4 dxc4 18. bxc4 Nc6 19. Nxc6 bxc6 20. Qa4 Rfd8 21. c5 Rd5 22. Re4 e6 23. Rd1 Qb7 24. Bc3 Rb8 25. Qb4 Rdd8 26. Ne5 Bxe5 27. Rxe5 Qa6 28. Qa5 Qxa5 29. Bxa5 Rxd4 30. Ree1 Rb3 31. Rxd4 Nxd4 32. Rd1 e5 33. Bc7 f6 34. f4 Ne2+ 35. Kf1 Nxf4 36. Rd8+ Kf7 37. Rd7+ Ke6 38. Rd6+ Kf5 39. Rxc6 Ke4 40. Rd6 Rxa3 41. Bd8 Rc3 42. Bxf6 Rc1+ 43. Kf2 Rc2+ 44. Kf1 Nxg2 45. Ra6 Ne3+ 46. Ke1 0-1

[Event "Saint Quentin op 1st"]
[Site "Saint Quentin"]
[Date "2019.07.06"]
[Round "1"]
[White "Nottet, Tristan"]
[Black "Chabanon, Jean Luc"]
[Result "0-1"]
[WhiteElo "1878"]
[BlackElo "2446"]
[PlyCount "42"]
[EventDate "2019.07.06"]
[EventType "swiss"]
[EventRounds "9"]
[EventCountry "FRA"]
[SourceTitle "CBM 191 Extra"]
[Source "ChessBase"]
[SourceDate "2019.09.30"]
[SourceVersion "1"]
[SourceVersionDate "2019.09.30"]
[SourceQuality "1"]

1. d4 Nf6 2. Bf4 g6 3. Nc3 d5 4. e3 Bg7 5. h4 c6 6. Be2 Qb6 7. Na4 Qa5+ 8. c3 Nbd7 9. b4 Qd8 10. h5 Ne4 11. hxg6 hxg6 12. Rxh8+ Bxh8 13. f3 Nd6 14. Qc2 e5 15. dxe5 Nxe5 16. 0-0-0 Qe7 17. g4 b5 18. Nc5 a5 19. Nh3 axb4 20. cxb4 Nec4 21. e4 Bb2+ 0-1

[Event "FRA-chT Top 12"]
[Site "Brest"]
[Date "2019.05.22"]
[Round "5.2"]
[White "Vallin, Guillaume"]
[Black "Chabanon, Jean Luc"]
[Result "1/2-1/2"]
[WhiteElo "2389"]
[BlackElo "2437"]
[PlyCount "43"]
[EventDate "2019.05.18"]
[EventType "team-tourn"]
[EventRounds "11"]
[EventCountry "FRA"]
[SourceTitle "CBM 190 Extra"]
[Source "ChessBase"]
[SourceDate "2019.07.15"]
[SourceVersion "1"]
[SourceVersionDate "2019.07.15"]
[SourceQuality "1"]
[WhiteTeam "Gonfreville"]
[BlackTeam "Tours Hauts de France St Quentin"]
[WhiteTeamCountry "FRA"]
[BlackTeamCountry "FRA"]

1. c4 e6 2. Nf3 d5 3. e3 Nf6 4. b3 Be7 5. Bb2 0-0 6. Be2 c5 7. 0-0 Nc6 8. d4 cxd4 9. exd4 b6 10. Nbd2 Bb7 11. Rc1 Rc8 12. Bd3 dxc4 13. bxc4 Rc7 14. Re1 Rd7 15. Bb1 Bb4 16. a3 Ba5 17. Re3 Ng4 18. Rd3 Nce5 19. Nxe5 Nxe5 20. Rh3 Ng6 21. Qh5 h6 22. Qd1 1/2-1/2